000 00994nam a2200289Ia 4500
001 dia_7
003 CHAP
005 20221202122845.0
008 220117s1999 xx 000 0 und d
010 _a170439
020 _a968-884-518-3 (CIESTAAM) \ 968-36-7654-5 (UNAM) \ 968-496-386-6 (CIESAS)
040 _cCHAP
082 _a635 A35
245 _aAgricultura de exportación en tiempos de globalización : el caso de las hortalizas, frutas y flores /
_c coordinadores Humbert Grammont y otros
260 _aMéxico :
_b UACh, CIESTAAM ; UNAM,
_c1999
300 _a378 p.
503 _aD.
650 _a1.Legumbres
_xMercados
_xMéxico
_9146939
650 _aFlores
_xMercadeo
_941388
650 _aFrutas
_xExportación
_9126801
650 _aProductos Agrícolas
_xExportación
_991945
700 _aGrammont , Humbert, coord.
_9146940
901 _a635 A35
902 _aM
905 _a0000001999 mx X 0000000000spa00
942 _cLIBRO
_2ddc
999 _c170439
_d170439